| 000 | 00407nam a22001457a 4500 | ||
|---|---|---|---|
| 008 | 160322b xxu||||| |||| 00| 0 eng d | ||
| 020 | _a9789351152170 | ||
| 082 |
_22014 _aDC 671.52 _bW45 |
||
| 245 | _aWelding skills/ | ||
| 260 |
_aNew Delhi: _b3G eLearning, _cc2014. |
||
| 300 |
_aviii, 269 pages: _billustrations; _c23.3 cm. |
||
| 500 | _aIncludes bibliography. | ||
| 650 | 0 |
_94199 _aWelding |
|
| 942 |
_2ddc _cDC |
||
| 999 |
_c1392 _d1392 |
||